Statistics for Do you know European Geography?

Click here to take the quiz!

General Stats

  • This quiz has been taken 159 times
  • The average score is 14 of 15

Answer Stats

City:Answer% Correct
UKLondon
100%
FranceParis
100%
EspanolMadrid
99%
RussiaMoscow
99%
PortugalLisbon
98%
UkraineKiev
97%
ItaliaRome
97%
DenmarkCopenhagen
96%
FinlandHelsinki
96%
TurkeyAnkara
89%
Australia (Cause they're in Eurovision)Canberra
88%
BelarusMinsk
82%
CyprusNicosia
75%
liechtensteinVaduz
72%
KosovoPristina
67%

Score Distribution

Percentile by Number Answered

Percent of People with Each Score

Your Score History

You have not taken this quiz